000 00557nam a2200217Ia 4500
003 OSt
005 20220926042412.0
006 a|||||r|||| 00| 0
007 ta
008 220923b |||||||| |||| 00| 0 eng d
037 _cGeneral Book
040 _aRTL
_cRTL
_beng
041 _2eng
_aeng
082 _aX9.44, E9
100 _aRam R Trimurti
_9346228
245 0 _aIndustrial possibilities of India.
260 _c1919
650 _aIndustrial Economics
942 _hX9.44, E9
_cGB
_2CC
999 _c669648
_d669648